<?xml version="1.0" encoding="UTF-8"?>
<record
    xmlns:xsi="http://www.w3.org/2001/XMLSchema-instance"
    xsi:schemaLocation="http://www.loc.gov/MARC21/slim http://www.loc.gov/standards/marcxml/schema/MARC21slim.xsd"
    xmlns="http://www.loc.gov/MARC21/slim">

  <leader>00624nam a22001577a 4500</leader>
  <controlfield tag="003">OSt</controlfield>
  <controlfield tag="005">20151104142037.0</controlfield>
  <controlfield tag="008">151104b        xxu||||| |||| 00| 0 eng d</controlfield>
  <datafield tag="040" ind1=" " ind2=" ">
    <subfield code="c">RUA</subfield>
  </datafield>
  <datafield tag="082" ind1=" " ind2=" ">
    <subfield code="a">FOR &#x179A;&#x179F;&#x17CB; 1996 B123 Or.1</subfield>
  </datafield>
  <datafield tag="100" ind1=" " ind2=" ">
    <subfield code="9">3340</subfield>
    <subfield code="a">&#x179A;&#x179F;&#x17CB; &#x179F;&#x17BC;&#x178A;&#x17C2;&#x1793;</subfield>
  </datafield>
  <datafield tag="245" ind1=" " ind2=" ">
    <subfield code="a">The study of the wildlife sources and utilization in north east region of cambodia, &#x179F;&#x17B7;&#x1780;&#x17D2;&#x179F;&#x17B6;&#x1794;&#x17D2;&#x179A;&#x1797;&#x1796; &#x1793;&#x17B7;&#x1784; &#x1780;&#x17B6;&#x179A;&#x1794;&#x17D2;&#x179A;&#x17BE;&#x1794;&#x17D2;&#x179A;&#x17B6;&#x179F;&#x17CB;&#x1792;&#x1793;&#x1792;&#x17B6;&#x1793;&#x179F;&#x178F;&#x17D2;&#x179C;&#x1796;&#x17D2;&#x179A;&#x17C3;&#x1793;&#x17C5;&#x1797;&#x17BC;&#x1798;&#x17B7;&#x1797;&#x17B6;&#x1782;&#x17A5;&#x179F;&#x17B6;&#x1793;</subfield>
  </datafield>
  <datafield tag="260" ind1=" " ind2=" ">
    <subfield code="a">Phnom Penh</subfield>
    <subfield code="b">RUA</subfield>
    <subfield code="c">1996</subfield>
  </datafield>
  <datafield tag="300" ind1=" " ind2=" ">
    <subfield code="a">117p.</subfield>
    <subfield code="b">ill.</subfield>
    <subfield code="c">29cm.</subfield>
  </datafield>
  <datafield tag="942" ind1=" " ind2=" ">
    <subfield code="2">ddc</subfield>
    <subfield code="c">FOR</subfield>
  </datafield>
  <datafield tag="999" ind1=" " ind2=" ">
    <subfield code="c">3114</subfield>
    <subfield code="d">3114</subfield>
  </datafield>
  <datafield tag="952" ind1=" " ind2=" ">
    <subfield code="0">0</subfield>
    <subfield code="1">0</subfield>
    <subfield code="2">ddc</subfield>
    <subfield code="4">0</subfield>
    <subfield code="6">FOR_&#x179A;&#x179F;_1996_000000000000000_B123_OR_1</subfield>
    <subfield code="7">0</subfield>
    <subfield code="9">14702</subfield>
    <subfield code="a">LBB</subfield>
    <subfield code="b">LBB</subfield>
    <subfield code="c">B123</subfield>
    <subfield code="d">2015-11-04</subfield>
    <subfield code="o">FOR &#x179A;&#x179F;&#x17CB; 1996 B123 Or.1</subfield>
    <subfield code="p">RUA028848</subfield>
    <subfield code="r">2015-11-04</subfield>
    <subfield code="w">2015-11-04</subfield>
    <subfield code="y">FOR</subfield>
  </datafield>
  <datafield tag="952" ind1=" " ind2=" ">
    <subfield code="0">0</subfield>
    <subfield code="1">0</subfield>
    <subfield code="2">ddc</subfield>
    <subfield code="4">0</subfield>
    <subfield code="6">FOR_&#x179A;&#x179F;_1996_000000000000000_B123_OR_2</subfield>
    <subfield code="7">0</subfield>
    <subfield code="9">14703</subfield>
    <subfield code="a">LBB</subfield>
    <subfield code="b">LBB</subfield>
    <subfield code="c">B123</subfield>
    <subfield code="d">2015-11-04</subfield>
    <subfield code="o">FOR &#x179A;&#x179F;&#x17CB; 1996 B123 Or.2</subfield>
    <subfield code="p">RUA028026</subfield>
    <subfield code="r">2015-11-04</subfield>
    <subfield code="w">2015-11-04</subfield>
    <subfield code="y">FOR</subfield>
  </datafield>
  <datafield tag="952" ind1=" " ind2=" ">
    <subfield code="0">0</subfield>
    <subfield code="1">0</subfield>
    <subfield code="2">ddc</subfield>
    <subfield code="4">0</subfield>
    <subfield code="6">FOR_&#x179A;&#x179F;_1996_000000000000000_B123_OR_3</subfield>
    <subfield code="7">0</subfield>
    <subfield code="9">14704</subfield>
    <subfield code="a">LBB</subfield>
    <subfield code="b">LBB</subfield>
    <subfield code="c">B123</subfield>
    <subfield code="d">2015-11-04</subfield>
    <subfield code="o">FOR &#x179A;&#x179F;&#x17CB; 1996 B123 Or.3</subfield>
    <subfield code="p">RUA028445</subfield>
    <subfield code="r">2015-11-04</subfield>
    <subfield code="w">2015-11-04</subfield>
    <subfield code="y">FOR</subfield>
  </datafield>
</record>
